000 00221nam a2200097Ia 4500
008 240331s9999 xx 000 0 und d
082 _bMEE
100 _aMeenatchsundaram, T.P
245 0 _aThamilum pira panpadum
942 _cL
999 _c2052
_d2052